000 00272nam a2200109Ia 4500
001 1268587
005 20260417145253.0
008 260417s9999 xx 000 0 und d
020 _a9772149467979
245 0 _aO’nun Gibi Serisi
_cAziz Kadırga
260 _bKetebe Çocuk
999 _c1268587
_d1268587